BUSINESS COMMUNICATION (Record no. 184)

MARC details
000 -LEADER
fixed length control field 00312nam a2200121Ia 4500
008 - FIXED-LENGTH DATA ELEMENTS--GENERAL INFORMATION
fixed length control field 240624s9999 xx 000 0 und d
041 ## - LANGUAGE CODE
Language code of text/sound track or separate title eng
082 ## - DEWEY DECIMAL CLASSIFICATION NUMBER
Classification number 658.45 SIN
100 ## - MAIN ENTRY--PERSONAL NAME
Personal name SINHA K K
245 ## - TITLE STATEMENT
Title BUSINESS COMMUNICATION
260 ## - PUBLICATION, DISTRIBUTION, ETC.
Date of publication, distribution, etc. 2002
Place of publication, distribution, etc. New Delhi
Name of publisher, distributor, etc. Galgotia Publication
300 ## - PHYSICAL DESCRIPTION
Extent ix, : 606 : p. : cm. ; 24
Holdings
Withdrawn status Lost status Damaged status Not for loan Home library Current library Shelving location Date acquired Full call number Barcode Date last seen Price effective from Koha item type
        IMTN IMTN Rack 33-A 11/03/2004 658.45 SIN 184 06/24/2024 06/24/2024 Books
Designed & Maintained by: LRC IMT Nagpur Contact: lrc@imtnag.ac.in© 2024. All Rights Reserved.